Największe kraje w historii - Statystyki

Ogólne statystyki
  • Ten quiz został rozwiązany 33 razy
  • Średni wynik to 1 z 6
Statystyki odpowiedzi
Km2 Odpowiedź % Poprawnych
6. 17 mln km2 Rosja
91%
4. 22,4 mln km2 Związek Radziecki
25%
3. 23,7 mln km2 Imperium Rosyjskie
6%
1. 35,8 mln km2 Brytyjskie Imperium kolonialne
3%
5. 22 mln km2 Hiszpańskie Imperium kolonialne
0%
2. 33 mln km2 Wielki Ułus Mongolow
0%
Nie znaleziono quizów pasujących do podanych kryteriów
Rozkład punktacji
Procent ludzi z każdym wynikiem
Percentyl według liczby udzielonych odpowiedzi
Twoja historia wyników
Nie rozwiązałeś tego quizu